Efemérides, entre el mito y la historia : sinfonía en cuatro movimientos /
Guardado en:
| Autor Principal: | |
|---|---|
| Formato: | Libro |
| Publicado: |
Buenos Aires :
Paidós,
1994
|
| Series: | Cuestiones de educación
|
| Materias: | |
| Etiquetas: |
Agregar Etiqueta
Sin Etiquetas, Sea el primero en etiquetar este registro!
|
| LEADER | 01170nam a22002415a 4500 | ||
|---|---|---|---|
| 001 | CEM.cems009606 | ||
| 005 | 20080821120659.0 | ||
| 008 | 130507s1994##################000#0#####d | ||
| 003 | CEMS | ||
| 020 | |a 9501261069 | ||
| 082 | 0 | 4 | |a 372.83 |
| 100 | 1 | |a Zelmanovich, Perla | |
| 245 | 1 | 0 | |a Efemérides, entre el mito y la historia : |b sinfonía en cuatro movimientos / |c Perla Zelmanovich |
| 260 | |a Buenos Aires : |b Paidós, |c 1994 | ||
| 300 | |a 191 p. | ||
| 490 | 0 | |a Cuestiones de educación | |
| 500 | |a Red Federal de Formación Docente Continua | ||
| 505 | 0 | |a Primer movimiento: Entre el mito y la historia / Perla Zelmanovich -- Segundo movimiento: Cuéntame una historia / Perla Zelmanovich -- Preludio: Para escucharte mejor / Perla Zelmanovich -- Tercer movimiento: Los cuentos de la tía Clementina / Diana González -- Interludio: Y después del cuento ... qué? / Perla Zelmanovich -- Cuarto movimiento: Efemérides: la historia toca a tu puerta / Silvia Gojman y Silvia Finocchio | |
| 653 | |a Educación | ||
| 653 | |a Ciencias sociales | ||
| 653 | |a Didáctica de la historia | ||
| 653 | |a Efemérides | ||
| 859 | |a CEMS |b BIB. CEMS - 11 de abril |h 372.83 |i Z39 |p 19480.98 |t Ej.1 | ||
